000 00250nam a22001217a 4500
008 170706b xxu||||| |||| 00| 0 eng d
041 _aeng
080 _a05
100 _a22
101 _aGJL
245 _aHARD TIMES
_cDICKENS.CH
942 _2udc
_cBK
999 _c19999
_d19999